000 01008nmm a2200289 a 4500
001 ocm000940655
003 TR-IsHL
005 20201028150105.0
008 150110s2013 tu tur
007 cr cn
020 _a9786055331986
035 _a940655
_b(N$T)
050 0 4 _aPZ90.T8
_bM87 2013
090 0 4 _aPZ90.T8
_bM87 2013
245 1 0 _aBuhranlı devrin sultanı Birinci Mustafa Han
_h[electronic resource] /
_chaz. Özcan F. Koçoğlu ; çizen Yüksel Akman ; ed. Faruk Kasım Bilgeoğlu
260 _aİstanbul :
_bÇamlıca Basım Yayın,
_c2013
300 _a57 p.
650 4 _aDil ve Edebiyat
650 4 _aLanguage and Literature
650 0 _aÇizgi roman, Türk
650 0 _aComics, Turkish
650 7 _aJUVENILE FICTION / Comics & Graphic Novels / General
_2bisacsh
700 1 _aKoçoğlu, Özcan F.
700 1 _aAkman, Yüksel
700 1 _aBilgeoğlu, Kasım
856 4 0 _uhttp://search.ebscohost.com/login.aspx?direct=true&scope=site&db=e011xww&AN=940655
999 _c10288
_d10288